Pocket Book of engineering. (Record no. 544560)
[ view plain ]
| 000 -LEADER | |
|---|---|
| fixed length control field | 00353nam a22001337a 4500 |
| 082 ## - DEWEY DECIMAL CLASSIFICATION NUMBER | |
| Classification number | 620 |
| Author Mark | GAN |
| 100 ## - MAIN ENTRY--PERSONAL NAME | |
| Personal name | Bhatia, S.L |
| 9 (RLIN) | 37831 |
| 245 ## - TITLE STATEMENT | |
| Title | Pocket Book of engineering. |
| 260 ## - PUBLICATION, DISTRIBUTION, ETC. | |
| Place of publication, distribution, etc. | Lahore |
| Name of publisher, distributor, etc. | The Civil & Military Gazette Press |
| 300 ## - PHYSICAL DESCRIPTION | |
| Extent | 837 p.: |
| Other physical details | ill,: |
| Dimensions | 4Cm |
| 526 ## - STUDY PROGRAM INFORMATION NOTE | |
| Program name | 0 |
| Interest level | 0 |
| Reading level | 0 |
| Title point value | 620_000000000000000_GAN |
| 650 ## - SUBJECT ADDED ENTRY--TOPICAL TERM | |
| Topical term or geographic name entry element | D |
| 9 (RLIN) | 6527 |
| 942 ## - ADDED ENTRY ELEMENTS (KOHA) | |
| Source of classification or shelving scheme | |
| Koha item type | Book |
| Withdrawn status | Lost status | Source of classification or shelving scheme | Damaged status | Not for loan | Permanent Location | Current Location | Date acquired | Total Checkouts | Full call number | Barcode | Date last seen | Date last checked out | Price effective from | Koha item type |
|---|---|---|---|---|---|---|---|---|---|---|---|---|---|---|
| Military College of Engineering (MCE) | Military College of Engineering (MCE) | 05/08/2014 | 1 | 620 GAN | MCE-40763 | 05/13/2014 | 05/13/2014 | 05/08/2014 | Book |
